Music Quiz

Random Music Quiz

Songs from Tunnel of Love Quiz Stats

 Plays Quiz not verified by Sporcle

Score 0/12 Timer 12:00
0 Plays Today
Hint Answer % Correct
Side 2Tunnel of Love
100%
Side 2Brilliant Disguise
93.3%
Side 2One Step Up
80%
Side 1Ain't Got You
76.7%
Side 1Spare Parts
76.7%
Side 2Valentine's Day
73.3%
Side 1Tougher Than the Rest
70%
Side 1Walk Like a Man
70%
Side 1Cautious Man
63.3%
Side 2When You're Alone
50%
Side 1All That Heaven Will Allow
43.3%
Side 2Two Faces
43.3%

You're not logged in!

Compare scores with friends on all Sporcle quizzes.
OR
Log In

Show Comments

Extras

Top Quizzes Today


Score Distribution

Your Account Isn't Verified!

In order to create a playlist on Sporcle, you need to verify the email address you used during registration. Go to your Sporcle Settings to finish the process.

Report this User

Report this user for behavior that violates our Community Guidelines.

Details: